000 01178nam a2200313 c 4500
003 BLK
005 20250721112752.0
008 180409b bul|||||r ||||||| ||bul||
010 _aKNG00141040000
020 _a978-954-28-0910-4
_bиздат.: Сиела Софт енд Паблишинг
040 _aBLK
041 _aBUL
_cBUL
072 7 _2bullib
_aН84
_xБългарска художествена литература Н
080 _aБългарска литература
_b821.163.2
_x-31
_z821.163.2-31
100 1 _aТабаков, Николай Филипов
_eпърви автор
_9266861
139 _aТабаков, Николай Филипов
_bТ 12
245 1 0 _aДа
_cНиколай Филипов Табаков.
257 _aBGR
260 София
_bСиела Софт енд Паблишинг
_c2011
_fСофия : Вулкан
300 _a367 с.
_c21 см
380 _aX
659 _aН
852 _aЦб 258860
856 4 _qpdf
_u
856 4 _qpdf
_u
942 _cKNG
_n0
_017
944 _aCR
_c19.03.2013
_k30535
_lХристина Везирева
944 _aED
_c18.08.2016
_kВиолета_Тройчева
999 _c135118
_d135118